Catálogo - Centro de Recursos para el Aprendizaje y la Investigación

Volver al Sitio - CRAI Biblioteca

Juicio penal con jurado en la España democrática / (Registro nro. 114005)

Detalles MARC
000 -CABECERA
campo de control de longitud fija 01408nam a2200265 4500
001 - NÚMERO DE CONTROL
campo de control 114005
003 - IDENTIFICADOR DEL NÚMERO DE CONTROL
campo de control DR-UNIBE
005 - FECHA Y HORA DE LA ÚLTIMA TRANSACCIÓN
campo de control 20250804141053.0
008 - DATOS DE LONGITUD FIJA--INFORMACIÓN GENERAL
campo de control de longitud fija 250804b2003 xxu||||| |||| 00| 0 spa d
040 ## - FUENTE DE LA CATALOGACIÓN
Centro catalogador/agencia de origen BIBLIOTECA UNIBE
Centro/agencia transcriptor BIBLIOTECA UNIBE
041 ## - CÓDIGO DE LENGUA
Código de lengua del texto/banda sonora o título independiente spa
082 ## - NÚMERO DE LA CLASIFICACIÓN DECIMAL DEWEY
Número de clasificación 345.946 G653j
100 10 - ENTRADA PRINCIPAL--NOMBRE DE PERSONA
Nombre de persona Gómez Colomer, Juan-Luis,
Fechas asociadas al nombre 1951-
9 (RLIN) 198180
Término indicativo de función/relación autor
245 10 - MENCIÓN DE TÍTULO
Título Juicio penal con jurado en la España democrática /
Mención de responsabilidad, etc. Juan-Luis Gómez Colomer
250 ## - MENCIÓN DE EDICIÓN
Mención de edición Primera edición
260 ## - PUBLICACIÓN, DISTRIBUCIÓN, ETC.
Lugar de publicación, distribución, etc. Miami :
Nombre del editor, distribuidor, etc. Centro para la administración de justicia,
Fecha de publicación, distribución, etc. 2003
300 ## - DESCRIPCIÓN FÍSICA
Extensión 101 páginas :
Dimensiones 21 x 13 cm
490 ## - MENCIÓN DE SERIE
Mención de serie Colección monografías ;
Designación de volumen o secuencia 9
500 ## - NOTA GENERAL
Nota general Comentario de la obra en español e inglés en la contraportada
505 ## - NOTA DE CONTENIDO CON FORMATO
Nota de contenido con formato El jurado español, a medio camino entre el anglosajón y el europeo continental |<br/>El jurado español es un tribunal especial de justicia |<br/>Derechos, deberes y requisitos de los jurados |<br/>La selección de los jurados |<br/>Sistema y principios del proceso penal especial con jurado |<br/>Líneas generales del procedimiento y particularidades del juicio|<br/>El veredicto |<br/>Posibilidades impugnatorias |<br/>Ejecución de la sentencia |<br/>Conclusiones |<br/>Bibliografía
650 #7 - PUNTO DE ACCESO ADICIONAL DE MATERIA--TÉRMINO DE MATERIA
Fuente del encabezamiento o término lemb
Término de materia o nombre geográfico como elemento de entrada Administración de justicia
Subdivisión geográfica España
9 (RLIN) 198184
650 #7 - PUNTO DE ACCESO ADICIONAL DE MATERIA--TÉRMINO DE MATERIA
Fuente del encabezamiento o término lemb
Término de materia o nombre geográfico como elemento de entrada Tribunales penales
Subdivisión geográfica España
9 (RLIN) 198185
650 #7 - PUNTO DE ACCESO ADICIONAL DE MATERIA--TÉRMINO DE MATERIA
Fuente del encabezamiento o término lemb
Término de materia o nombre geográfico como elemento de entrada Derecho procesal penal
Subdivisión geográfica España
9 (RLIN) 198186
942 ## - ELEMENTOS DE PUNTO DE ACCESO ADICIONAL (KOHA)
Fuente del sistema de clasificación o colocación Sistema de Clasificación Decimal Dewey
Tipo de ítem Koha Libro (general)
Existencias
Estado de retiro Estado de pérdida Fuente del sistema de clasificación o colocación No para préstamo Código de colección Localización permanente Fecha de adquisición Total de préstamos Signatura topográfica completa Código de barras Fecha visto por última vez Número de copia Precio válido a partir de Tipo de ítem Koha
  Disponible Sistema de Clasificación Decimal Dewey   General Biblioteca Central UNIBE 10/07/2025   345.946 G653j 250922 04/08/2025 Ej. 1 04/08/2025 Libro (general)